| 000 | 00631nam a2200193 i 4500 | ||
|---|---|---|---|
| 001 | 38056 | ||
| 003 | ES-MaACL | ||
| 005 | 20251110063219.0 | ||
| 007 | t| | ||
| 008 | 030224s1926 sp ||||1| spa d | ||
| 100 | 1 |
_aCabrera, Blas, _d1878-1945 _933279 |
|
| 245 | 1 | 0 |
_aVariación del paramagnetismo con la temperatura / _cpor B. Cabrera y J. Palacios. |
| 260 |
_a[Madrid : _bs.n., _c1926] |
||
| 300 |
_a11 h. : _bil. ; _c22 cm. |
||
| 500 | _aEs separata de: Anales de la Sociedad Española de Física Y Química. T. XXIV. | ||
| 700 | 1 |
_aPalacios, J. _9192357 |
|
| 852 |
_aES-MaACL _j1704-F-19 |
||
| 999 |
_c38056 _d38056 |
||